000 00283nam a2200133 i 4500
001 bg
100 1 _aPLUTARCH
245 1 0 _aMoralia.
_nT.2 /
_cPlutarch.
260 _aWarszawa,
_c1988.
040 _cBPK
041 _apol
942 _cKS
008 s pl f |000 0 pol
999 _c23962
_d23962
856 _uhttp://koha.tu.koszalin.pl/cgi-bin/koha/opac-detail.pl?biblionumber=23962
_yKatalog online BPK